Sports Quiz

Random Sports or NFL Quiz

One Team NFL Passing Leaders Quiz Stats

Quiz Updated Jun 13, 2017

Challenge
Share
Tweet
Embed
Score 0/30 Timer 08:00
2 Plays Today
Rank Player % Correct
4Tom Brady
90.6%
5Dan Marino
88.8%
8Eli Manning
87.8%
6John Elway
75.5%
12Philip Rivers
70.3%
10Ben Roethlisberger
69.1%
34Troy Aikman
68.2%
56Terry Bradshaw
68.1%
25Jim Kelly
66%
23Aaron Rodgers
65.7%
87Roger Staubach
61%
15Dan Fouts
56.1%
29Tony Romo
55.9%
74Bart Starr
52.5%
21Matt Ryan
51.9%
Rank Player % Correct
36Joe Flacco
51.9%
31Phil Simms
50.3%
44Matthew Stafford
47.1%
93Cam Newton
44.5%
69Joe Theismann
36.2%
71Bob Griese
35.7%
90Andy Dalton
34.8%
35Ken Anderson
33.1%
82Otto Graham
25.6%
91Danny White
25.5%
92Sammy Baugh
20%
80Brian Sipe
16.2%
60Steve Grogan
15.9%
86Neil Lomax
13.6%
41John Brodie
13%

You're not logged in!

Compare scores with friends on all Sporcle quizzes.
Sign Up with Email
OR
Log In

Show Comments

Extras

Top Quizzes Today


Score Distribution

Your Account Isn't Verified!

In order to create a playlist on Sporcle, you need to verify the email address you used during registration. Go to your Sporcle Settings to finish the process.